| 000 | 01142nam a22002895a 4500 | ||
|---|---|---|---|
| 003 | OSt | ||
| 005 | 20170313150828.0 | ||
| 008 | 170313s2015 ua frb 000 0 ara d | ||
| 015 | _a2015 / 7008 | ||
| 020 | _a9789770477847 | ||
| 040 |
_aEG-ScBUE _bara _cEG-ScBUE |
||
| 043 |
_af-ua--- _ae-fr--- |
||
| 082 | 0 | 4 |
_a345.0527 _bأ ح و _222 |
| 100 | 1 | _aأحول، يوسف عبد المنعم محمد. | |
| 245 | 1 | 2 |
_aالسلطات الاستثنائية لمأموري الضبط القضائي : _bدراسة مقارنة / _cيوسف عبد المنعم محمد الأحول. |
| 250 | _aط. 1. | ||
| 260 |
_aالقاهرة : _bدار النهضة العربية، _c2015. |
||
| 300 |
_a441 ص. ؛ _c24 سم. |
||
| 504 | _aيشتمل على إرجاعات ببليوجرافية. | ||
| 650 | 7 |
_aالضبط القضائي _zمصر. _2BUEsh |
|
| 650 | 7 |
_aالضبط القضائي _zفرنسا. _2BUEsh |
|
| 650 | 7 |
_aقانون الإجراءات الجنائية _zفرنسا. _2BUEsh |
|
| 650 | 7 |
_aقانون الإجراءات الجنائية _zمصر. _2BUEsh _941140 |
|
| 651 | _2BUEsh | ||
| 653 |
_bLLAAWW _cMarch2017 |
||
| 942 | _2ddc | ||
| 999 |
_c24410 _d24382 |
||